Cities in New York State - Sudden Death - Statistics

General Stats
  • This quiz has been taken 52 times
    21 since last reset
  • The average score is 8 of 19
Answers on the Grid
Answers color-coded by a green-red scale on the quiz's grid according to % correct below.
Albany
Ann Arbor
Binghamton
Boston
Buffalo
Cleveland
Columbus
Elmira
Hamburg
Hamilton
Hartford
Ithaca
Kingston
Madison
Manchester
Mount Vernon
New Amsterdam
New Ark
New Rochelle
Niagara Falls
Omaha
Pittsburgh
Poughkeepsie
Rochester
Salt Lake City
San Diego
Saratoga Springs
Schenectady
Scranton
Springfield
Syracuse
Toledo
Troy
Utica
White Plains
Yonkers
 
Answer Stats
Answer % Correct
Albany
100%
Buffalo
87%
Binghamton
67%
Elmira
60%
Niagara Falls
40%
Rochester
40%
Utica
40%
Yonkers
40%
Ithaca
33%
Kingston
33%
New Rochelle
33%
Schenectady
33%
Syracuse
33%
White Plains
33%
Mount Vernon
27%
Poughkeepsie
27%
Saratoga Springs
27%
Troy
27%
Hamburg
20%
No matching quizzes found
Score Distribution
Percent of People with Each Score
Percentile by Number Answered
Your Score History
You have not taken this quiz since the last reset